Name Dropping #28: “Super” Actors #3 - Statistics

General Stats
  • This quiz has been taken 89 times
  • The average score is 11 of 20
Answer Stats
Hint Extra Hint Answer % Correct
Paul Film: Ant-Man in “Ant-Man” (2015); “Captain America: Civil War” (2016); “Ant-Man and the Wasp” (2018); “Avengers: Endgame” (2019); “Ant-Man and the Wasp: Quantumania” (2023). Rudd
100%
Chadwick Film: Black Panther in “Captain America: Civil War” (2016); “Black Panther” (2018); “Avengers: Infinity War” (2018); “Avengers: Endgame” (2019). Boseman
98%
Jake Film: Mysterio in “Spider-Man: Far From Home” (2019). Gyllenhaal
95%
Liev Film: Sabretooth in “X-Men Origins: Wolverine” (2009). Schreiber
85%
Dolph Film: He-Man in “Masters of the Universe” (1987). King Nereus in “Aquaman and the Lost Kingdom” (2023). Lundgren
78%
James Film: Ultron in “Avengers: Age of Ultron” (2015). Spader
68%
Simu Film: Xu Shang-Chi in “Shang-Chi and the Legend of the Ten Rings” (2021). Liu
66%
Elizabeth TV: Morgan Le Fay in “Runaways” (8 episodes, 2019, Hulu). Hurley
63%
Xochitl Film: America Chavez in “Doctor Strange in the Multiverse of Madness” (2022). Gomez
59%
Julie TV: Catwoman in “Batman” (13 episodes, 1966–1967, ABC); “Maggie” (1 episode, 1998, Lifetime). Newmar
51%
Milton TV: Louie the Lilac in “Batman” (2 episodes, 1967–1968, ABC). Berle
49%
Van TV: Minstrel in “Batman” (2 episodes, 1966–1967, ABC). Johnson
46%
Sumire TV: Locus in “Inhumans” (2017, ABC). Matsubara
46%
Caleb Landry Film: Banshee in “X-Men: First Class” (2011). Jones
29%
Alaqua TV: Echo in “Echo” (5-episode miniseries, 2024, Disney+/Hulu). Cox
27%
Daniel Film: Colossus in “X-Men: The Last Stand” (2006). Cudmore
27%
Luke TV: Lincoln Campbell in “Agents of S.H.I.E.L.D.” (29 episodes, 2015–2016, ABC). Mitchell
27%
Logan Film: Shocker in “Spider-Man: Homecoming” (2017). Marshall-Greene
24%
Lyle Film: Lex Luther / Atom Man in “Atom Man vs. Superman” (1950 serial). Talbot
22%
Fred Film: Chameleon in “Kraven the Hunter” (2024). Hechinger
12%
No matching quizzes found
Score Distribution
Percent of People with Each Score
Percentile by Number Answered
Your Score History
You have not taken this quiz